Polscy piłkarze w FC Porto - Statystyki

Ogólne statystyki
  • Ten quiz został rozwiązany 64 razy
  • Średni wynik to 5 z 8
Statystyki odpowiedzi
Piłkarz Pozycja Występy Od Do Poprzedni klub % Poprawnych
Jakub Kiwior Obrońca 19 01.09.2025 30.06.2026 Arsenal
100%
Jan Bednarek Obrońca 24 28.07.2025 obecnie Southampton
97%
Oskar Pietuszewski Napastnik - 07.01.2026 obecnie Jagiellonia Białystok
85%
Józef Młynarczyk Bramkarz 15 01.01.1986 01.07.1989 SC Bastia
68%
Paweł Kieszek Bramkarz 4 01.07.2010 01.08.2011 SC Braga
37%
Grzegorz Mielcarski Napastnik 56 01.07.1995 01.07.1999 Widzew Łódź
35%
Przemysław Kaźmierczak Pomocnik 19 01.07.2007 01.07.2008 Pogoń Szczecin
32%
Andrzej Woźniak Bramkarz 12 01.07.1996 01.07.1998 Widzew Łódź
13%
Nie znaleziono quizów pasujących do podanych kryteriów
Rozkład punktacji
Procent ludzi z każdym wynikiem
Percentyl według liczby udzielonych odpowiedzi
Twoja historia wyników
Nie rozwiązałeś tego quizu